|
|
|
|
| LEADER |
00000nam a22000007a 4500 |
| 005 |
20130708172523.0 |
| 007 |
cr|||| |||| |
| 008 |
130708s2013 mx |||||s|||| 00||0 spa d |
| 035 |
|
|
|a 11344
|
| 040 |
|
|
|a vLex
|
| 090 |
|
|
|c 4386
|d 4386
|
| 100 |
1 |
|
|a Bornacini Hervella, Honor ̌A.
|
| 245 |
1 |
0 |
|a Gua̕ para la declaracion anual 2012 y bases de los pagos provisionales y mensuales 2013 personas morales
|h [recurso electrn̤ico] /
|c Honor ̌A. Bornacini Hervella, Vicente Romero Said
|
| 256 |
|
|
|a Servicio en ln̕ea
|
| 260 |
|
|
|a Mx̌ico D.F:
|b Mx̌ico fiscal,
|c 2013
|
| 300 |
|
|
|a 1 recurso electrn̤ico
|
| 506 |
1 |
|
|a Contenido solo disponible en los productos indicados
|d vLex Global
|d vLex Global (Academic Edition, excluding Law Schools)
|d vLex Global (U.S. Academic Edition, Law Schools)
|d vLex Global (U.S. Academic Edition, excluding Law Schools)
|d vLex Global (Academic Edition, Law Schools)
|
| 650 |
|
|
|a Fiscalidad
|z Mx̌ico
|
| 650 |
|
|
|a Impuestos
|z Mx̌ico
|
| 700 |
1 |
|
|a Romero Said, Vicente
|
| 740 |
0 |
|
|a vLex Libros (Servicio en ln̕ea)
|
| 856 |
4 |
0 |
|u http://vlex.com/source/guia-la-declaracion-anual-2012-y-bases-los-pagos-provisionales-y-mensuales-2013-personas-morales-11344
|z Acceso restringido
|
| 942 |
|
|
|c BOOK
|
| 999 |
0 |
|
|a Taxation
|